[Event "CHN-chT (Women)"]
[Site "Qingdao"]
[Date "2024.04.07"]
[Round "6.1"]
[White "He, Yi"]
[Black "Bai, Xue"]
[Result "0-1"]
[WhiteElo "1636"]
[BlackElo "2133"]
[PlyCount "76"]
[EventDate "2024.04.02"]
[EventType "team-swiss"]
[EventRounds "9"]
[EventCountry "CHN"]
[SourceTitle "CB16_2024"]
[SourceDate "2024.04.17"]
[SourceVersion "1"]
[SourceVersionDate "2024.04.17"]
[SourceQuality "1"]
[WhiteTeam "Anhui (W)"]
[BlackTeam "Zhejiang (W)"]
[WhiteTeamCountry "CHN"]
[BlackTeamCountry "CHN"]

1. e4 c5 2. Nf3 e6 3. d4 cxd4 4. Nxd4 Nf6 5. Nc3 Nc6 6. g3 Be7 7. Bg2 0-0 8. 0-0 d6 9. h3 a6 10. a4 Bd7 11. b3 Qc8 12. Nxc6 Bxc6 13. Bb2 Rd8 14. Qe2 Nd7 15. Rad1 b5 16. Ba3 Bf6 17. Qe3 bxa4 18. bxa4 Bb7 19. Ne2 Ne5 20. Qb3 Nc4 21. Bc1 Rb8 22. Qd3 Ne5 23. Qd2 d5 24. exd5 Bxd5 25. Bxd5 Rxd5 26. Qe3 Rxd1 27. Rxd1 Qxc2 28. Rf1 Qxa4 29. Nc3 Qc6 30. Ne4 Be7 31. Re1 h6 32. Ba3 Bxa3 33. Qxa3 Qd5 34. Qe3 Rb3 35. Nc3 Nf3+ 36. Kh1 Rxc3 37. Qxc3 Nxe1+ 38. f3 Qxf3+ 0-1

[Event "Shenzhen op (Women)"]
[Site "Shenzhen"]
[Date "2023.03.30"]
[Round "1.1"]
[White "Bai, Xue"]
[Black "Zhai, Mo"]
[Result "0-1"]
[WhiteElo "2120"]
[BlackElo "2362"]
[PlyCount "74"]
[EventDate "2023.03.30"]
[EventType "k.o. (rapid)"]
[EventRounds "4"]
[EventCountry "CHN"]
[SourceTitle "CBM 213 Extra"]
[Source "ChessBase"]
[SourceDate "2023.05.31"]
[SourceVersion "1"]
[SourceVersionDate "2023.05.31"]
[SourceQuality "1"]

1. e4 e5 2. Nf3 Nc6 3. Bc4 Bc5 4. c3 Nf6 5. d4 exd4 6. e5 d5 7. Bb5 Ne4 8. cxd4 Bb6 9. Nc3 0-0 10. Be3 Bg4 11. h3 Bh5 12. Bxc6 bxc6 13. Qa4 f6 14. exf6 Nxc3 15. bxc3 Qxf6 16. Ne5 c5 17. Qc6 cxd4 18. cxd4 Rad8 19. 0-0 Rd6 20. Qb5 c6 21. Qb3 Be8 22. a4 Re6 23. a5 Bc7 24. f4 Qf5 25. Rae1 Bxa5 26. Re2 Bb6 27. Kh2 Qe4 28. Qc2 Qxc2 29. Rxc2 Rxe5 30. dxe5 Bxe3 31. f5 d4 32. Ra2 Bd7 33. Rxa7 Bxf5 34. Rc7 Be4 35. Rxf8+ Kxf8 36. g3 d3 37. e6 d2 0-1

[Event "Shenzhen op (Women)"]
[Site "Shenzhen"]
[Date "2023.03.30"]
[Round "1.3"]
[White "Bai, Xue"]
[Black "Zhai, Mo"]
[Result "1/2-1/2"]
[WhiteElo "2120"]
[BlackElo "2362"]
[PlyCount "47"]
[EventDate "2023.03.30"]
[EventType "k.o. (rapid)"]
[EventRounds "4"]
[EventCountry "CHN"]
[SourceTitle "CBM 213 Extra"]
[Source "ChessBase"]
[SourceDate "2023.05.31"]
[SourceVersion "1"]
[SourceVersionDate "2023.05.31"]
[SourceQuality "1"]

1. e4 e5 2. Nf3 Nc6 3. Bb5 Nf6 4. 0-0 Nxe4 5. Re1 Nd6 6. Nxe5 Be7 7. Bxc6 dxc6 8. d4 0-0 9. Bf4 Re8 10. c3 Bf8 11. Nd2 Be6 12. Ndf3 f6 13. Nd3 Bf7 14. b3 Qd7 15. Qd2 b6 16. Rxe8 Rxe8 17. Re1 Bg6 18. Rxe8 Qxe8 19. Nde1 Qe4 20. h3 Bf5 21. Nh4 Bd7 22. Nhf3 Bf5 23. Nh4 Bd7 24. Nhf3 1/2-1/2

[Event "CHN-chB (Women)"]
[Site "Qiziwan"]
[Date "2023.02.03"]
[Round "9"]
[White "Bai, Xue"]
[Black "Ding, Shirui"]
[Result "1-0"]
[WhiteElo "2102"]
[BlackElo "1517"]
[PlyCount "121"]
[EventDate "2023.01.30"]
[EventType "swiss"]
[EventRounds "11"]
[EventCountry "CHN"]
[SourceTitle "CBM 212 Extra"]
[Source "ChessBase"]
[SourceDate "2023.03.31"]
[SourceVersion "1"]
[SourceVersionDate "2023.03.31"]
[SourceQuality "1"]

1. e4 d5 2. exd5 Nf6 3. d4 Qxd5 4. Nc3 Qa5 5. Nf3 Bg4 6. Bc4 e6 7. h3 Bh5 8. 0-0 Nc6 9. Bb5 Qb6 10. Qd3 a6 11. Bxc6+ Qxc6 12. Ne5 Qb6 13. Be3 0-0-0 14. Qc4 Qb4 15. g4 Qxc4 16. Nxc4 Bg6 17. Ne5 Bd6 18. Nxg6 hxg6 19. Kg2 c6 20. Ne2 Nd5 21. Bd2 Bc7 22. Rae1 Nf6 23. Be3 Nd5 24. Bg5 f6 25. Bd2 g5 26. c4 Ne7 27. f4 gxf4 28. Bxf4 Ng6 29. Bxc7 Kxc7 30. Rd1 Rd7 31. Rd3 Rhd8 32. b4 e5 33. Rfd1 exd4 34. Rxd4 Ne5 35. c5 g5 36. Kg3 Rd5 37. a4 b6 38. cxb6+ Kxb6 39. a5+ Kb7 40. Rxd5 Rxd5 41. Rxd5 cxd5 42. Nd4 Nc6 43. Nc2 Ne5 44. Kf2 Kc6 45. Nd4+ Kd6 46. Ke3 Ng6 47. Nf5+ Kc6 48. Nd4+ Kd6 49. b5 axb5 50. Nxb5+ Kc6 51. Nd4+ Kb7 52. Ne6 Ka6 53. Nc7+ Kxa5 54. Nxd5 Kb5 55. Nxf6 Nf4 56. Nh5 Nxh3 57. Kf3 Ng1+ 58. Kf2 Nh3+ 59. Kg3 Nf4 60. Nxf4 gxf4+ 61. Kxf4 1-0

[Event "CHN-chT Div-A"]
[Site "Fuling"]
[Date "2022.09.19"]
[Round "11.6"]
[White "Bai, Xue"]
[Black "Chu, Ruotong"]
[Result "1/2-1/2"]
[WhiteElo "2123"]
[BlackElo "2185"]
[PlyCount "63"]
[EventDate "2022.09.06"]
[EventType "team-tourn"]
[EventRounds "11"]
[EventCountry "CHN"]
[SourceTitle "CBM 210 Extra"]
[Source "ChessBase"]
[SourceDate "2022.11.30"]
[SourceVersion "1"]
[SourceVersionDate "2022.11.30"]
[SourceQuality "1"]
[WhiteTeam "Zhejiang"]
[BlackTeam "Chengdu"]
[WhiteTeamCountry "CHN"]
[BlackTeamCountry "CHN"]

1. e4 e5 2. Nf3 Nf6 3. Nxe5 d6 4. Nf3 Nxe4 5. Nc3 Nxc3 6. dxc3 Be7 7. Be3 Nc6 8. Qd2 Be6 9. 0-0-0 Qd7 10. Kb1 Bf6 11. Bg5 Bxg5 12. Nxg5 0-0-0 13. Nxe6 Qxe6 14. Bd3 Rhe8 15. Rhe1 Qf6 16. Rxe8 Rxe8 17. Re1 Rxe1+ 18. Qxe1 Ne5 19. Qe3 Nxd3 20. cxd3 c5 21. Kc2 Kd7 22. Kd2 Qe6 23. Qxe6+ Kxe6 24. Ke3 d5 25. d4 c4 26. Kf4 Kf6 27. g4 g5+ 28. Ke3 Ke6 29. Kf3 Kf6 30. Ke3 Ke6 31. Kf3 Kf6 32. Ke3 1/2-1/2

[Event "CHN-chT Div-A Rapid"]
[Site "Fuling"]
[Date "2022.09.19"]
[Round "11.6"]
[White "Chu, Ruotong"]
[Black "Bai, Xue"]
[Result "1/2-1/2"]
[WhiteElo "2185"]
[BlackElo "2123"]
[PlyCount "46"]
[EventDate "2022.09.06"]
[EventType "team-tourn (rapid)"]
[EventRounds "11"]
[EventCountry "CHN"]
[SourceTitle "CBM 210 Extra"]
[Source "ChessBase"]
[SourceDate "2022.11.30"]
[SourceVersion "1"]
[SourceVersionDate "2022.11.30"]
[SourceQuality "1"]
[WhiteTeam "Chengdu"]
[BlackTeam "Zhejiang"]
[WhiteTeamCountry "CHN"]
[BlackTeamCountry "CHN"]

1. d4 d5 2. c4 e6 3. Nf3 Nf6 4. g3 Be7 5. Bg2 0-0 6. Nc3 dxc4 7. Ne5 c5 8. dxc5 Qxd1+ 9. Nxd1 Bxc5 10. Nxc4 Nc6 11. Be3 Bb4+ 12. Bd2 Bxd2+ 13. Nxd2 Bd7 14. Nc3 Nd4 15. 0-0 Bc6 16. Bxc6 Nxc6 17. Nde4 Nxe4 18. Nxe4 Rfd8 19. Rfd1 Rxd1+ 20. Rxd1 Rd8 21. Rxd8+ Nxd8 22. Kg2 Kf8 23. Kf3 Ke7 1/2-1/2

[Event "CHN-chT Div-A"]
[Site "Fuling"]
[Date "2022.09.16"]
[Round "9.5"]
[White "Bai, Xue"]
[Black "Chen, Yining"]
[Result "0-1"]
[WhiteElo "2123"]
[BlackElo "1745"]
[PlyCount "68"]
[EventDate "2022.09.06"]
[EventType "team-tourn"]
[EventRounds "11"]
[EventCountry "CHN"]
[SourceTitle "CBM 210 Extra"]
[Source "ChessBase"]
[SourceDate "2022.11.30"]
[SourceVersion "1"]
[SourceVersionDate "2022.11.30"]
[SourceQuality "1"]
[WhiteTeam "Zhejiang"]
[BlackTeam "Hangzhou Zhenjiang"]
[WhiteTeamCountry "CHN"]
[BlackTeamCountry "CHN"]

1. e4 e5 2. Nf3 Nc6 3. Bb5 Nf6 4. d3 d6 5. c3 Bd7 6. 0-0 g6 7. Re1 Bg7 8. d4 0-0 9. Bg5 h6 10. Bh4 Qe8 11. dxe5 dxe5 12. Nbd2 a6 13. Ba4 Nh5 14. Nf1 b5 15. Bb3 Na5 16. Ne3 Be6 17. Bxe6 fxe6 18. Ng4 Nc6 19. a4 g5 20. Bg3 Nf4 21. axb5 axb5 22. Rxa8 Qxa8 23. Qb3 Qa4 24. Qxa4 bxa4 25. h4 Nd3 26. Ra1 gxh4 27. Nxh4 Nxb2 28. Ng6 Rb8 29. N6xe5 Nxe5 30. Bxe5 Bxe5 31. Nxe5 Rb3 32. Ra2 a3 33. Kf1 Na4 34. Nd3 Nxc3 0-1

[Event "CHN-chT Div-A"]
[Site "Fuling"]
[Date "2022.09.14"]
[Round "7.4"]
[White "Bai, Xue"]
[Black "Zhai, Mo"]
[Result "1/2-1/2"]
[WhiteElo "2123"]
[BlackElo "2374"]
[PlyCount "75"]
[EventDate "2022.09.06"]
[EventType "team-tourn"]
[EventRounds "11"]
[EventCountry "CHN"]
[SourceTitle "CBM 210 Extra"]
[Source "ChessBase"]
[SourceDate "2022.11.30"]
[SourceVersion "1"]
[SourceVersionDate "2022.11.30"]
[SourceQuality "1"]
[WhiteTeam "Zhejiang"]
[BlackTeam "Hangzhou Bank"]
[WhiteTeamCountry "CHN"]
[BlackTeamCountry "CHN"]

1. e4 e5 2. Nf3 Nc6 3. Bb5 Nf6 4. d3 Bc5 5. Bg5 h6 6. Bh4 g5 7. Bg3 d6 8. c3 0-0 9. Nbd2 a5 10. 0-0 Nh5 11. Bxc6 bxc6 12. d4 exd4 13. Nxd4 Nxg3 14. fxg3 Qe7 15. Qc2 Bd7 16. Kh1 Bxd4 17. cxd4 Rab8 18. Nc4 Rbe8 19. Rae1 a4 20. e5 c5 21. dxc5 Bb5 22. cxd6 cxd6 23. Nxd6 Bxf1 24. Nxe8 Rxe8 25. Rxf1 Qxe5 26. Qxa4 Qe2 27. Rg1 Rd8 28. b4 Rd2 29. Qa8+ Kg7 30. a4 Qc4 31. b5 Ra2 32. b6 Qd4 33. Rf1 Rf2 34. Qa6 Qxa4 35. Qd3 Qe4 36. Qc3+ Kg6 37. Rg1 Rxg2 38. Rxg2 1/2-1/2

[Event "CHN-chT Div-A Rapid"]
[Site "Fuling"]
[Date "2022.09.14"]
[Round "7.4"]
[White "Hou, Yifan"]
[Black "Bai, Xue"]
[Result "1-0"]
[WhiteElo "2650"]
[BlackElo "2123"]
[PlyCount "93"]
[EventDate "2022.09.06"]
[EventType "team-tourn (rapid)"]
[EventRounds "11"]
[EventCountry "CHN"]
[SourceTitle "CBM 210 Extra"]
[Source "ChessBase"]
[SourceDate "2022.11.30"]
[SourceVersion "1"]
[SourceVersionDate "2022.11.30"]
[SourceQuality "1"]
[WhiteTeam "Hangzhou Bank"]
[BlackTeam "Zhejiang"]
[WhiteTeamCountry "CHN"]
[BlackTeamCountry "CHN"]

1. e4 e5 2. Nf3 Nc6 3. Bb5 a6 4. Ba4 Nf6 5. 0-0 Be7 6. Re1 b5 7. Bb3 d6 8. c3 0-0 9. h3 Bb7 10. d4 Re8 11. Nbd2 Bf8 12. Bc2 g6 13. b3 Bg7 14. Bb2 Nh5 15. Nf1 Qe7 16. a3 Nb8 17. Ne3 Nd7 18. d5 c6 19. c4 Nc5 20. b4 Nd7 21. Bb3 bxc4 22. dxc6 Bxc6 23. Nxc4 Bf8 24. Na5 Rac8 25. Nxc6 Rxc6 26. Qd5 Rc7 27. Qa5 Nb8 28. Rac1 Rec8 29. Rxc7 Qxc7 30. Qxc7 Rxc7 31. Ng5 Bh6 32. Nxf7 Rxf7 33. Rd1 Bf8 34. Rc1 Nf6 35. Rc8 Nbd7 36. Bxf7+ Kxf7 37. f3 d5 38. exd5 a5 39. bxa5 Nxd5 40. a6 Bc5+ 41. Kf1 Bb6 42. a4 Ne3+ 43. Ke2 Nxg2 44. a5 Nf4+ 45. Kf1 Be3 46. Bc1 Bd4 47. Bxf4 1-0